Advanced calculus : a sequel to an elementary treatise on the calculus

Αποθηκεύτηκε σε:
Λεπτομέρειες βιβλιογραφικής εγγραφής
Κύριος συγγραφέας: Gibson, George A. (George Alexander), 1858-1930
Μορφή: Βιβλίο
Γλώσσα:English
Δημοσίευση: London : New York : Macmillan ;, St Martin's, 1958, c1931
Έκδοση:1st ed., Repr.
Θέματα:
Ετικέτες: Προσθήκη ετικέτας
Δεν υπάρχουν, Καταχωρήστε ετικέτα πρώτοι!

MARC

LEADER 00000cam a2200000 i 4500
001 1/5191
008 100303r19581931 eng d
035 |l 10107076 
040 |a GR-MY-UA  |b gre  |e aacr 
041 0 |a eng 
082 0 |a 515  |2 (22) 
100 1 |a Gibson, George A.   |q (George Alexander),   |d 1858-1930. 
245 1 0 |a Advanced calculus :  |b a sequel to an elementary treatise on the calculus /  |c by the late George A. Gibson 
250 |a 1st ed., Repr. 
260 |a London :   |a New York :   |b Macmillan ;,   |b St Martin's,   |c 1958, c1931 
300 |a 510 σ.;  |c 22 εκ. 
504 |a Περιέχει ευρετήριο 
650 0 0 |a Calculus. 
852 |a INST  |b SAMOS  |c MAG  |e 20100303  |h 515 GIB  |p 005300030517  |q 005300030517  |t BK  |y 0 
901 |a BIBL3-2010-1 
909 |a Σ  |b 161924 
970 |a ΣΙΤΖΙΜΗ  |b ΓΙΑΣΕΜΗ  |z 2010/03/03